| 000 | 00543nam a2200193Ia 4500 | ||
|---|---|---|---|
| 003 | OSt | ||
| 005 | 20240404160200.0 | ||
| 008 | 210210b1991 xxu||||| |||| 00| 0 eng d | ||
| 040 | _cAL | ||
| 041 | _aKannada | ||
| 082 | _aK894.2 SHIS | ||
| 100 |
_aSHIVARAMA KARANTA. _993380 _dಶಿವರಾಮ ಕಾರಂತ |
||
| 245 |
_aSarala virala natakagalu. _bಸರಳ ವಿರಳ ನಾಟಕಗಳು |
||
| 260 |
_aHeggodu _bAkshara Prakashana _c1991 |
||
| 300 | _a545 | ||
| 690 |
_aKannada Drama _993381 |
||
| 906 | _a044574 | ||
| 942 |
_2ddc _cBK |
||
| 999 |
_c94040 _d94040 |
||